-NYM pho-namia Quiz Stats

 Plays Quiz not verified by Sporcle

Support Sporcle.
Go Orange.
Score 0/19 Timer 10:00
0 Plays Today
% Correct
antonym
89.3%
homonym
86.2%
synonym
85.9%
pseudonym
71.7%
acronym
67.2%
patronym
47.5%
metronym / matronym
44.2%
heteronym / isonym
31%
eponym
26.1%
autonym
20.3%
% Correct
exonym
18.5%
retronym
15.4%
metonym
14.5%
autoantonym / contranym
13.8%
capitonym
13.6%
tautonym
8.3%
meronym
4.9%
oronym
4.2%
paronym
4%

You're not logged in!

Compare scores with friends on all Sporcle quizzes.
OR
Log In

From the Vault

Who's That With a Bird?

by timmylemoine1

Not quite as cuddly as posing with a dog. Nor as common.
Remove Ads.
Support Sporcle.
Get the best of Sporcle when you Go Orange. This ad-free experience offers more features, more stats, and more fun while also helping to support Sporcle. Thank you for becoming a member.

Show Comments

Extras

Top Quizzes Today


Score Distribution

Your Account Isn't Verified!

In order to create a playlist on Sporcle, you need to verify the email address you used during registration. Go to your Sporcle Settings to finish the process.

Report this User

Report this user for behavior that violates our Community Guidelines.

Details: